[Event "CZE-ch"]
[Site "Ostrava"]
[Date "2024.05.04"]
[Round "8"]
[White "Stalmach, Richard"]
[Black "Finek, Vaclav"]
[Result "1-0"]
[WhiteElo "2446"]
[BlackElo "2431"]
[PlyCount "89"]
[EventDate "2024.04.27"]
[EventType "tourn"]
[EventRounds "9"]
[EventCountry "CZE"]
[EventCategory "9"]
[SourceTitle "CB19_2024"]
[SourceDate "2024.05.08"]
[SourceVersion "1"]
[SourceVersionDate "2024.05.08"]
[SourceQuality "1"]

1. Nf3 Nf6 2. c4 c6 3. Nc3 d5 4. d4 e6 5. Bg5 Nbd7 6. e3 Qa5 7. cxd5 Nxd5 8. Qd2 Bb4 9. Rc1 Nxc3 10. bxc3 Ba3 11. Rb1 h6 12. Bh4 b6 13. Qd3 Be7 14. Bxe7 Kxe7 15. Be2 Bb7 16. 0-0 c5 17. c4 Rhe8 18. Rb5 Qa4 19. Rfb1 Red8 20. Bd1 Qa6 21. d5 exd5 22. cxd5 Nf6 23. e4 Bc6 24. a4 Bxb5 25. axb5 Qb7 26. Ne5 Kf8 27. Nc6 Nxe4 28. Qxe4 Re8 29. Ne5 f6 30. f4 fxe5 31. fxe5 Kg8 32. Bc2 g5 33. e6 Rad8 34. Rd1 Kh8 35. h4 gxh4 36. Qxh4 Qg7 37. d6 Rg8 38. Qe4 Rde8 39. e7 Qf7 40. Rf1 Qg7 41. Rf6 c4 42. Kh1 a6 43. bxa6 b5 44. g4 b4 45. Qe6 1-0

[Event "CZE-ch"]
[Site "Ostrava"]
[Date "2024.05.01"]
[Round "5"]
[White "Stalmach, Richard"]
[Black "Neuman, Petr"]
[Result "1/2-1/2"]
[WhiteElo "2446"]
[BlackElo "2429"]
[PlyCount "61"]
[EventDate "2024.04.27"]
[EventType "tourn"]
[EventRounds "9"]
[EventCountry "CZE"]
[EventCategory "9"]
[SourceTitle "CB19_2024"]
[SourceDate "2024.05.08"]
[SourceVersion "1"]
[SourceVersionDate "2024.05.08"]
[SourceQuality "1"]

1. Nf3 d5 2. c4 c6 3. d4 Nf6 4. e3 g6 5. Nc3 Bg7 6. Bd3 0-0 7. 0-0 dxc4 8. Bxc4 Bg4 9. h3 Bxf3 10. Qxf3 Nbd7 11. Rd1 e5 12. d5 e4 13. Nxe4 Nxe4 14. Qxe4 Nb6 15. d6 Re8 16. Qc2 Nxc4 17. Qxc4 Re6 18. d7 Qc7 19. Bd2 Rd8 20. Bc3 Rxd7 21. Qa4 b6 22. Bxg7 Kxg7 23. Rd4 Rxd4 24. Qxd4+ Qe5 25. Rd1 Qxd4 26. Rxd4 Kf6 27. Kf1 Ke7 28. Ke2 Rd6 29. Kd3 c5 30. Rxd6 Kxd6 31. f4 1/2-1/2

[Event "CZE-ch"]
[Site "Ostrava"]
[Date "2024.04.28"]
[Round "2"]
[White "Kraus, Tomas"]
[Black "Stalmach, Richard"]
[Result "1-0"]
[WhiteElo "2488"]
[BlackElo "2446"]
[PlyCount "71"]
[EventDate "2024.04.27"]
[EventType "tourn"]
[EventRounds "9"]
[EventCountry "CZE"]
[EventCategory "9"]
[SourceTitle "CB19_2024"]
[SourceDate "2024.05.08"]
[SourceVersion "1"]
[SourceVersionDate "2024.05.08"]
[SourceQuality "1"]

1. c4 Nf6 2. Nf3 g6 3. Nc3 Bg7 4. d4 d6 5. e4 0-0 6. Be2 e5 7. 0-0 Nc6 8. d5 Ne7 9. b4 a5 10. Ba3 axb4 11. Bxb4 b6 12. a4 Ne8 13. h3 h5 14. Re1 Bh6 15. Bf1 Bd7 16. a5 bxa5 17. Bxa5 f5 18. c5 Qb8 19. Bxc7 Nxc7 20. cxd6 Rxa1 21. Qxa1 Ncxd5 22. exd5 Qxd6 23. Nxe5 Bg7 24. Nxd7 Qxd7 25. Qa3 Nc8 26. Re6 Kh7 27. Ne2 f4 28. Qd3 Rf5 29. Nxf4 Rxf4 30. Qxg6+ Kg8 31. d6 Kf8 32. Bd3 Rf7 33. Bc4 Qa4 34. Re1 Rf6 35. Qe4 Qd7 36. Qd5 1-0

[Event "Prague Challengers 6th"]
[Site "Prague"]
[Date "2024.03.02"]
[Round "5"]
[White "Hrbek, Stepan"]
[Black "Stalmach, Richard"]
[Result "0-1"]
[WhiteElo "2426"]
[BlackElo "2434"]
[PlyCount "136"]
[EventDate "2024.02.26"]
[EventType "tourn"]
[EventRounds "9"]
[EventCountry "CZE"]
[EventCategory "12"]
[SourceTitle "CB11_2024"]
[SourceDate "2024.03.13"]
[SourceVersion "1"]
[SourceVersionDate "2024.03.13"]
[SourceQuality "1"]

1. d4 Nf6 2. c4 e6 3. Nc3 d5 4. cxd5 exd5 5. Bg5 c6 6. e3 Bd6 7. Bd3 0-0 8. Nge2 Re8 9. Qc2 h6 10. Bf4 a5 11. 0-0 Na6 12. a3 Nc7 13. h3 Ne6 14. Bxd6 Qxd6 15. Rad1 h5 16. Rfe1 Bd7 17. Na4 Rad8 18. Qb3 h4 19. Qb6 Nh5 20. Nc5 Ng5 21. Nxd7 Qxd7 22. Nc3 Qc8 23. Be2 Nf6 24. Bf1 Rd6 25. Qxa5 Nh5 26. f4 Nxh3+ 27. gxh3 Rg6+ 28. Kf2 Rg3 29. Ke2 Nxf4+ 30. Kd2 Nxh3 31. Bxh3 Qxh3 32. Qc7 Rg2+ 33. Kc1 Rxe3 34. Kb1 Qf5+ 35. Ka1 Qf2 36. Ne2 Kh7 37. Qd8 Rxe2 38. Rxe2 Qxe2 39. Qxh4+ Kg6 40. Rb1 Qf2 41. Qh1 f5 42. Ka2 f4 43. Qh3 Qe2 44. Qd7 f3 45. Qd6+ Kf5 46. Qd7+ Kg5 47. Qxg7+ Kf4 48. Qxb7 f2 49. Rc1 Rg5 50. Qc7+ Kf3 51. Qxc6 Qd2 52. Rh1 Qxd4 53. Rc1 Qd2 54. Rh1 Rg1 55. Rh3+ Kg2 56. Rc3 f1Q 57. Qg6+ Kh1 58. Qh5+ Qh2 59. Qxd5+ Qfg2 60. Qb5 Qg8+ 61. Rb3 Qf7 62. Qc6+ Rg2 63. Qc1+ Qg1 64. Qh6+ Rh2 65. Qc6+ Qg2 66. Qc3 Rh3 67. Qe1+ Kh2 68. Qe5+ Rg3 0-1

[Event "Prague Challengers 6th"]
[Site "Prague"]
[Date "2024.03.01"]
[Round "4"]
[White "Stalmach, Richard"]
[Black "Vaishali, Ramesh Babu"]
[Result "0-1"]
[WhiteElo "2434"]
[BlackElo "2481"]
[PlyCount "68"]
[EventDate "2024.02.26"]
[EventType "tourn"]
[EventRounds "9"]
[EventCountry "CZE"]
[EventCategory "12"]
[SourceTitle "CB11_2024"]
[SourceDate "2024.03.13"]
[SourceVersion "1"]
[SourceVersionDate "2024.03.13"]
[SourceQuality "1"]

1. d4 d5 2. c4 e6 3. g3 Nf6 4. Bg2 dxc4 5. Nf3 Nbd7 6. 0-0 c6 7. a4 a5 8. Qc2 b5 9. Ne5 Nxe5 10. dxe5 Nd5 11. axb5 cxb5 12. Nc3 Qb6 13. Nxd5 exd5 14. Bxd5 Ra7 15. b3 Bc5 16. bxc4 b4 17. Kg2 0-0 18. f4 a4 19. f5 Re8 20. Rf4 b3 21. Qe4 b2 22. e6 f6 23. e7+ Kh8 24. Rh4 bxc1Q 25. Rxc1 h6 26. Rb1 Qd6 27. Qg4 Raxe7 28. e4 a3 29. Qg6 Qe5 30. Bf7 Rxf7 31. Qxf7 a2 32. Ra1 Rf8 33. Rxh6+ gxh6 34. Qg6 Qxe4+ 0-1

[Event "SVK-chT 2324"]
[Site "Slovakia"]
[Date "2024.02.25"]
[Round "8.2"]
[White "Stalmach, Richard"]
[Black "Horvath, Csaba"]
[Result "0-1"]
[WhiteElo "2433"]
[BlackElo "2493"]
[PlyCount "100"]
[EventDate "2023.11.04"]
[EventType "team-tourn"]
[EventRounds "11"]
[EventCountry "SVK"]
[SourceTitle "CB19_2024"]
[SourceDate "2024.05.08"]
[SourceVersion "1"]
[SourceVersionDate "2024.05.08"]
[SourceQuality "1"]
[WhiteTeam "Cadca Caissa"]
[BlackTeam "Podhajska Aquamarin"]
[WhiteTeamCountry "SVK"]
[BlackTeamCountry "SVK"]

1. d4 Nf6 2. c4 e6 3. Nf3 d5 4. Nc3 c5 5. cxd5 Nxd5 6. e3 cxd4 7. exd4 Nxc3 8. bxc3 Qc7 9. a4 Be7 10. Bd2 0-0 11. Bd3 b6 12. 0-0 Nd7 13. Re1 Bb7 14. a5 Bd6 15. a6 Bd5 16. Qe2 Bf4 17. Bxf4 Qxf4 18. Nd2 Rac8 19. c4 Ba8 20. Ne4 Rfd8 21. Rad1 Nf6 22. Qe3 Qxe3 23. Nxf6+ gxf6 24. fxe3 f5 25. Kf2 Be4 26. Be2 Kf8 27. Rg1 Ke7 28. g4 Rg8 29. gxf5 Bxf5 30. Rxg8 Rxg8 31. Bf3 Rc8 32. e4 Bg6 33. h4 f6 34. Rc1 e5 35. d5 Kd6 36. Ke3 b5 37. h5 Be8 38. Kd2 bxc4 39. Kc3 Rb8 40. Be2 Rb3+ 41. Kd2 c3+ 42. Rxc3 Rxc3 43. Kxc3 h6 44. Kc4 Bd7 45. Bd1 Bc8 46. Kb5 Bh3 47. Bf3 f5 48. exf5 Bxf5 49. Kc4 Bc8 50. Kb5 Bh3 0-1

[Event "Mitropa Cup"]
[Site "Apolda"]
[Date "2024.02.21"]
[Round "7.6"]
[White "Ivekovic, Bozidar1"]
[Black "Stalmach, Richard"]
[Result "1-0"]
[WhiteElo "2399"]
[BlackElo "2434"]
[PlyCount "89"]
[EventDate "2024.02.15"]
[EventType "team-tourn"]
[EventRounds "9"]
[EventCountry "GER"]
[SourceTitle "CB09_2024"]
[SourceDate "2024.02.28"]
[SourceVersion "1"]
[SourceVersionDate "2024.02.28"]
[SourceQuality "1"]
[WhiteTeam "Croatia"]
[BlackTeam "Czech Republic"]
[WhiteTeamCountry "CRO"]
[BlackTeamCountry "CZE"]

1. e4 c5 2. Nf3 e6 3. d4 cxd4 4. Nxd4 a6 5. Nc3 b5 6. Bd3 Bb7 7. 0-0 Nc6 8. Nxc6 Bxc6 9. Qe2 Nf6 10. e5 b4 11. Ne4 Nxe4 12. Bxe4 Qb6 13. a3 Qb5 14. Qf3 Rc8 15. axb4 Qxe5 16. Bxc6 Rxc6 17. Ra5 Qf6 18. Qxf6 gxf6 19. c3 d5 20. Be3 Kd7 21. Rfa1 Bd6 22. Rxa6 Rxa6 23. Rxa6 e5 24. Kf1 Rc8 25. Ra5 Ke6 26. Bc5 Bxc5 27. Rxc5 Ra8 28. Ra5 Rb8 29. Ke2 Rb6 30. g4 Rd6 31. b5 Rd8 32. Ra6+ Ke7 33. b3 d4 34. c4 h5 35. h3 hxg4 36. hxg4 e4 37. c5 Rd5 38. Ra7+ Ke6 39. Rc7 d3+ 40. Kd2 Rd4 41. b6 Rb4 42. b7 Kd5 43. c6 Rxb3 44. Rc8 Rb2+ 45. Kc3 1-0

[Event "Mitropa Cup"]
[Site "Apolda"]
[Date "2024.02.15"]
[Round "1.18"]
[White "Stalmach, Richard"]
[Black "Goroshkov, Maksym"]
[Result "1/2-1/2"]
[WhiteElo "2434"]
[BlackElo "2336"]
[PlyCount "119"]
[EventDate "2024.02.15"]
[EventType "team-tourn"]
[EventRounds "9"]
[EventCountry "GER"]
[SourceTitle "CB09_2024"]
[SourceDate "2024.02.28"]
[SourceVersion "1"]
[SourceVersionDate "2024.02.28"]
[SourceQuality "1"]
[WhiteTeam "Czech Republic"]
[BlackTeam "Slovenia"]
[WhiteTeamCountry "CZE"]
[BlackTeamCountry "SLO"]

1. d4 Nf6 2. c4 e6 3. Nf3 d5 4. Nc3 c6 5. e3 Bb4 6. Bd3 Nbd7 7. 0-0 0-0 8. Qc2 h6 9. a3 Bd6 10. e4 dxe4 11. Nxe4 Nxe4 12. Bxe4 f5 13. Bd3 Qf6 14. c5 Bc7 15. Re1 e5 16. dxe5 Nxe5 17. Nxe5 Bxe5 18. Qe2 Bd7 19. Bc4+ Kh7 20. Qxe5 Rae8 21. Bf4 Rxe5 22. Bxe5 Qh4 23. f4 Re8 24. Rad1 Bc8 25. g3 Qh5 26. Rd6 a5 27. Kg2 a4 28. Re3 Re7 29. Rd8 Re8 30. Rd6 Re7 31. h4 Qe8 32. g4 Be6 33. Bxe6 Rxe6 34. gxf5 Rf6 35. Rg3 Qh5 36. Bxf6 Qe2+ 37. Kg1 Qe1+ 38. Kg2 Qe2+ 39. Kg1 Qe1+ 40. Kh2 Qf2+ 41. Rg2 Qxf4+ 42. Kg1 Qe3+ 43. Kf1 Qf3+ 44. Rf2 Qh1+ 45. Ke2 gxf6 46. Rd7+ Kg8 47. Rxb7 Qe4+ 48. Kd1 Qd3+ 49. Kc1 Qc4+ 50. Kb1 Qe4+ 51. Ka2 Qd5+ 52. b3 axb3+ 53. Rxb3 Qxc5 54. Rb8+ Kf7 55. Rb7+ Kf8 56. Rd2 Ke8 57. Rb8+ Ke7 58. Rb7+ Ke8 59. Rb8+ Ke7 60. Rb7+ 1/2-1/2

[Event "Pardubice Czech op-A 34th"]
[Site "Pardubice"]
[Date "2023.07.27"]
[Round "7"]
[White "Nurmanova, Alua"]
[Black "Stalmach, Richard"]
[Result "1/2-1/2"]
[WhiteElo "2183"]
[BlackElo "2436"]
[PlyCount "55"]
[EventDate "2023.07.21"]
[EventType "swiss"]
[EventRounds "9"]
[EventCountry "CZE"]
[SourceTitle "CBM 215 Extra"]
[Source "ChessBase"]
[SourceDate "2023.09.30"]
[SourceVersion "1"]
[SourceVersionDate "2023.09.30"]
[SourceQuality "1"]

1. e4 c5 2. Nf3 Nc6 3. d4 cxd4 4. Nxd4 Nf6 5. Nc3 d6 6. Bg5 e6 7. Qd2 a6 8. 0-0-0 Bd7 9. Nxc6 bxc6 10. e5 dxe5 11. Bxf6 gxf6 12. Ne4 Be7 13. Qh6 Rb8 14. Bc4 Rb4 15. b3 Rxc4 16. bxc4 Qa5 17. Nxf6+ Bxf6 18. Qxf6 Qa3+ 19. Kb1 Qb4+ 20. Kc1 Qa3+ 21. Kd2 Rg8 22. Ke2 Qxa2 23. Rxd7 Qxc2+ 24. Ke3 Kxd7 25. Qxf7+ Kd6 26. Qxg8 Qc3+ 27. Ke2 Qxc4+ 28. Kd2 1/2-1/2

[Event "Pardubice Czech op-A 34th"]
[Site "Pardubice"]
[Date "2023.07.21"]
[Round "1"]
[White "Levitan, Caleb Levi"]
[Black "Stalmach, Richard"]
[Result "0-1"]
[WhiteElo "2130"]
[BlackElo "2436"]
[PlyCount "66"]
[EventDate "2023.07.21"]
[EventType "swiss"]
[EventRounds "9"]
[EventCountry "CZE"]
[SourceTitle "CBM 215 Extra"]
[Source "ChessBase"]
[SourceDate "2023.09.30"]
[SourceVersion "1"]
[SourceVersionDate "2023.09.30"]
[SourceQuality "1"]

1. e4 Nc6 2. d4 d5 3. e5 Bf5 4. c3 e6 5. Bd3 Nge7 6. Ne2 Qd7 7. 0-0 f6 8. f4 h5 9. b4 a5 10. bxa5 Nxa5 11. Ba3 Nc4 12. Bxc4 dxc4 13. Bxe7 Bxe7 14. Nd2 Qd5 15. Ng3 Bd3 16. Re1 Ra3 17. Nb1 Ra6 18. Nxh5 c5 19. Nxg7+ Kf7 20. Nh5 f5 21. Nf6 Bxf6 22. exf6 cxd4 23. Re5 Qd7 24. Qc1 b5 25. Nd2 dxc3 26. Qxc3 b4 27. Qc1 Qd4+ 28. Kh1 Rxh2+ 29. Kxh2 Qxf4+ 30. Kh1 Qh4+ 31. Kg1 Qd4+ 32. Kh1 Ra8 33. g3 Qf2 0-1

[Event "Prague Challengers 5th"]
[Site "Prague"]
[Date "2023.06.23"]
[Round "3"]
[White "Stalmach, Richard"]
[Black "Gledura, Benjamin"]
[Result "1/2-1/2"]
[WhiteElo "2436"]
[BlackElo "2645"]
[PlyCount "139"]
[EventDate "2023.06.20"]
[EventType "tourn"]
[EventRounds "9"]
[EventCountry "CZE"]
[EventCategory "12"]
[SourceTitle "CBM 215 Extra"]
[Source "ChessBase"]
[SourceDate "2023.09.30"]
[SourceVersion "1"]
[SourceVersionDate "2023.09.30"]
[SourceQuality "1"]

1. d4 Nf6 2. c4 e6 3. Nc3 d5 4. Bg5 Be7 5. e3 0-0 6. Nf3 Nbd7 7. Rc1 h6 8. Bh4 c6 9. Bd3 dxc4 10. Bxc4 a6 11. a4 b5 12. Bd3 Bb7 13. 0-0 Rc8 14. Qe2 Re8 15. Rfd1 Qa5 16. Nd2 Qb6 17. Bg3 Red8 18. h3 Ba8 19. Ra1 Bb7 20. Rac1 Bf8 21. Bh4 Re8 22. Nf3 b4 23. Ne4 Nxe4 24. Bxe4 c5 25. a5 Qa7 26. d5 Nb8 27. Qc4 exd5 28. Bxd5 Bxd5 29. Rxd5 Nc6 30. Rcd1 Nxa5 31. Qg4 Qb6 32. Ne5 Qe6 33. Qg3 Nc6 34. Nd7 Be7 35. Bxe7 Qxe7 36. Nxc5 Ne5 37. Nxa6 b3 38. e4 Rc6 39. Nb8 Rc4 40. Nd7 Rxe4 41. Qxb3 Nxd7 42. Rxd7 Qf6 43. Qc3 Qxc3 44. bxc3 Re1+ 45. Kh2 Rxd1 46. Rxd1 Re2 47. Kg3 Rc2 48. Rd3 g5 49. Kf3 f5 50. g4 Kf7 51. Rd7+ Ke6 52. Rc7 Kd6 53. Rc8 Kd7 54. Rc4 Ke6 55. Ke3 Kd5 56. Rc8 Ke6 57. Kf3 Kd7 58. Rc4 Ke6 59. Kg2 Kd5 60. Rc8 Ke4 61. Re8+ Kd5 62. gxf5 Rxc3 63. Re6 h5 64. Rg6 g4 65. h4 Rh3 66. f4 Rf3 67. Rg5 Rxf4 68. Rxh5 Ke5 69. Kg3 Rxf5 70. Kxg4 1/2-1/2

[Event "Titled Tuesday intern op 16th May Late"]
[Site "Chess.com INT"]
[Date "2023.05.16"]
[Round "1"]
[White "Stalmach, Richard"]
[Black "Lewicki, Miroslaw"]
[Result "1-0"]
[WhiteElo "2436"]
[BlackElo "2359"]
[PlyCount "117"]
[EventDate "2023.05.16"]
[EventType "swiss (blitz)"]
[EventRounds "11"]
[EventCountry "USA"]
[SourceTitle "CBM 214 Extra"]
[Source "ChessBase"]
[SourceDate "2023.07.31"]
[SourceVersion "1"]
[SourceVersionDate "2023.07.31"]
[SourceQuality "1"]

1. d4 Nf6 2. c4 e6 3. Nc3 d5 4. cxd5 exd5 5. Bg5 Nbd7 6. e3 Be7 7. Bd3 0-0 8. Nf3 h6 9. Bh4 b6 10. 0-0 Bb7 11. Rc1 c5 12. Bf5 g6 13. Bb1 Kg7 14. Ne5 cxd4 15. exd4 Nxe5 16. dxe5 Ne4 17. Bxe7 Qxe7 18. Nxd5 Qxe5 19. Nc3 Ng5 20. Re1 Qf6 21. Nd5 Qxb2 22. Rc7 Bxd5 23. Qxd5 Rad8 24. Qc6 Rfe8 25. Qxg6+ Kf8 26. Qxh6+ Qg7 27. Rxe8+ Rxe8 28. Qxg7+ Kxg7 29. Kf1 a5 30. Rc6 Rb8 31. Bd3 Ne6 32. a4 Nc5 33. Bb5 f6 34. h4 Ne4 35. g4 Nd2+ 36. Ke2 Nb3 37. Rc7+ Kh6 38. Bd3 Rh8 39. Ke3 Nc5 40. Bf5 Nxa4 41. f4 Nc5 42. Rc6 Re8+ 43. Kf3 Nb3 44. Rxf6+ Kg7 45. Rxb6 a4 46. Rb7+ Kf6 47. Bd3 Nc5 48. g5+ Ke6 49. Bc4+ Kd6 50. Rb6+ Kc7 51. Rb5 Kc6 52. Ra5 Rb8 53. g6 Nd7 54. g7 Nf6 55. Ra6+ Kc5 56. Rxf6 Kxc4 57. Rf8 Rb3+ 58. Kg4 Rb7 59. g8Q+ 1-0

[Event "Titled Tuesday intern op 25th Apr Late"]
[Site "Chess.com INT"]
[Date "2023.04.25"]
[Round "2"]
[White "Stalmach, Richard"]
[Black "Bryakin, Mikhail"]
[Result "0-1"]
[WhiteElo "2417"]
[BlackElo "2469"]
[PlyCount "86"]
[EventDate "2023.04.25"]
[EventType "swiss (blitz)"]
[EventRounds "11"]
[EventCountry "USA"]
[SourceTitle "EXT 2024"]
[Source "ChessBase"]
[SourceDate "2023.10.10"]
[SourceVersion "1"]
[SourceVersionDate "2023.10.10"]
[SourceQuality "1"]

1. d4 e6 2. c4 Bb4+ 3. Nd2 Nf6 4. a3 Bxd2+ 5. Bxd2 b6 6. Bg5 h6 7. Bh4 Bb7 8. e3 d6 9. Nf3 g5 10. Bg3 Ne4 11. Bd3 Nd7 12. Qc2 Ndf6 13. Nd2 Nxg3 14. hxg3 h5 15. f3 Qe7 16. 0-0-0 0-0-0 17. e4 e5 18. d5 h4 19. gxh4 gxh4 20. b4 Nd7 21. a4 a5 22. Qb2 axb4 23. Qxb4 Nc5 24. Bc2 Qg5 25. Rhg1 Kd7 26. Kb2 Ra8 27. Ra1 Ra5 28. Nb3 Nxb3 29. Kxb3 Rha8 30. Kc3 Ke7 31. Bd3 Qe3 32. Rge1 Qd4+ 33. Kc2 Bc8 34. Qc3 Qf2+ 35. Qd2 Qxd2+ 36. Kxd2 h3 37. gxh3 Bxh3 38. Bc2 Bd7 39. Rg1 Bxa4 40. Bxa4 Rxa4 41. Rxa4 Rxa4 42. Ke3 Ra3+ 43. Kf2 Rc3 0-1